The vegetable gardener's guide to permaculture : (Record no. 18459)

000 -LEADER
fixed length control field 00579cam a2200205 a 4500
020 ## - INTERNATIONAL STANDARD BOOK NUMBER
ISBN 9781604692709
020 ## - INTERNATIONAL STANDARD BOOK NUMBER
ISBN 1604692707
040 ## - CATALOGING SOURCE
Transcribing agency DNAL
082 00 - DEWEY DECIMAL CLASSIFICATION NUMBER
Classification number 631TIM 2013 C146 Or.
100 1# - MAIN ENTRY--AUTHOR NAME
Personal name Shein, Christopher.
245 14 - TITLE STATEMENT
Title The vegetable gardener's guide to permaculture :
Remainder of title creating an edible ecosystem /
250 ## - EDITION STATEMENT
Edition statement 1st ed.
260 ## - PUBLICATION, DISTRIBUTION, ETC. (IMPRINT)
Place of publication Portland, Or. :
Name of publisher Timber Press,
Year of publication c 2013.
300 ## - PHYSICAL DESCRIPTION
Number of Pages 272 p. :
Other physical details col. ill. ;
Dimensions 26 cm.
650 #0 - SUBJECT ADDED ENTRY--TOPICAL TERM
Topical Term Permaculture.
650 #0 - SUBJECT ADDED ENTRY--TOPICAL TERM
Topical Term Vegetable gardening.
650 #0 - SUBJECT ADDED ENTRY--TOPICAL TERM
Topical Term Food crops.
700 1# - ADDED ENTRY--PERSONAL NAME
Personal name Thompson, Julie,
942 ## - ADDED ENTRY ELEMENTS (KOHA)
Koha item type ADB
952 ## - LOCATION AND ITEM INFORMATION (KOHA)
Withdrawn status [LOCAL, KOHA] 0
Holdings
Source of acquisition Permanent Location Date acquired Koha item type Lost status Shelving location Current Location Full call number
A39423Library Block C2019-12-04សៀវភៅភាសាអង់គ្លេស C146Library Block C631TIM 2013 C146 Or.
មជ្ឈមណ្ឌលឯការនៃសាកលវិទ្យាល័យភូមិន្ទកសិកម្មចំការដូង

Powered by Koha